[Event "Airthings Masters MCCT Prel 2022"]
[Site "Online"]
[Date "2022.02.13"]
[Round "12.4"]
[White "Abdusattorov, Nodirbek"]
[Black "Ding, Liren"]
[Result "1/2-1/2"]
[WhiteElo "2651"]
[BlackElo "2799"]
[Annotator "TA"]
[PlyCount "112"]
[EventDate "2022.02.18"]
[EventType "tourn"]
[EventCountry "NET"]
[SourceTitle "playchess.com"]
[Source "ChessBase"]
[SourceQuality "1"]

{[%evp 9,112,5,9,10,0,11,11,0,0,0,0,0,30,22,37,46,37,14,7,16,0,0,0,0,0,0,0,0,6,
0,0,0,25,0,0,0,0,0,0,0,0,0,0,-45,-47,-42,-25,-31,-31,-31,-39,-57,-69,-141,-146,
-142,0,-82,0,-141,-140,-141,-107,-131,-127,-148,-147,-156,-148,-137,-142,-148,
-145,-145,-144,-190,-76,-234,-215,-217,-237,-206,-207,-274,0,0,0,0,0,0,0,0,0,0,
0,0,0,0,0,0,0,0,0,0,0]} 1. c4 Nf6 2. Nc3 e5 3. Nf3 Nc6 4. e4 Bb4 5. d3 d6 6. a3
{A28: English Opening: Four Knights Variation.} Bxc3+ 7. bxc3 O-O 8. g3 Rb8 9.
a4 Ne8 10. Nh4 Ne7 11. Bg2 f5 {[#]} 12. exf5 $146 ({Predecessor:} 12. Bg5 fxe4
13. Bxe4 Nf6 14. Bxf6 Rxf6 15. O-O Be6 16. Re1 Qf8 17. Rb1 b6 18. d4 Bxc4 19.
dxe5 dxe5 {½-½ (54) Landes,E (2415)-Barclay,A (2422) ICCF email 2021}) 12...
Nxf5 13. Nxf5 (13. Nf3 $5 {[%cal Re1g1]}) 13... Bxf5 14. O-O Qd7 15. Be3 b6 16.
d4 exd4 17. cxd4 Bh3 18. d5 Nf6 {[%cal Be8f6,Bf6e4,Be4g5,Bg5h3][%mdl 32]} 19.
Bd4 Rbe8 20. a5 Ne4 21. Ra2 Ng5 22. f4 Bg4 23. Qa1 Nh3+ 24. Kh1 Rf7 {[%cal
Bf8f7,Bf7e7,Be7e4][%mdl 32]} 25. axb6 cxb6 26. Qc3 (26. Qb1 $11) 26... Rfe7 $15
27. Bf3 h5 28. Qd3 Bxf3+ 29. Qxf3 Qg4 (29... Qf5 {is interesting.} 30. Kg2 Re4
31. Rd2 R8e7 32. Kh1 Qg4) 30. Qxg4 hxg4 31. Rfa1 (31. Bc3 $15) 31... Re4 $17
32. Rd2 Rc8 (32... Kh7 $17) 33. Rc1 (33. Rxa7 $11 {remains equal.} Rxc4 34.
Rxg7+ Kf8 35. Rxg4 $1 Rexd4 36. Rxd4 Rxd4 37. Kg2) 33... Rce8 ({Black should
try} 33... Kh7) 34. Ra1 R8e7 35. Kg2 Kh7 36. Kf1 Kg6 $1 37. Rc1 Kf5 38. Bb2 g5
39. Ba3 {[#]} Rd7 ({But not} 39... gxf4 $6 40. Bxd6 Rh7 41. gxf4 $11) 40. fxg5
Nxg5 41. Rf2+ Nf3 42. Re2 {Inhibits Re3.} (42. h4 $17) 42... Rh7 (42... a5 $19
{is more deadly.} 43. Kf2 Ne5) 43. Rcc2 $2 (43. Bxd6 $17 Nxh2+ 44. Kf2) 43...
Rd4 $19 {Threatens to win with ...Rd1+.} 44. Bxd6 Rd1+ 45. Kf2 {[#]} Nd4 $1 ({
Worse is} 45... Rxh2+ 46. Ke3 Rh8 47. Bc7 $17) 46. Re5+ Kf6 $2 (46... Kg6 $19
47. Kg2 Rd7) 47. Kg2 $11 {The position is equal.} Nxc2 (47... Nf3 $5 48. Re6+
Kf5 $11) 48. Re6+ Kf5 49. Re5+ Kg6 50. Re6+ Kf7 51. Re7+ Kg8 52. Re8+ Kg7 53.
Re7+ Kg6 {aiming for ...Rxe7.} 54. Re6+ Kf5 55. Re5+ Kf6 {( -> ...Ne1+)} 56.
Re6+ Kf5 {Black had all chances to win.  Weighted Error Value: White=0.13 
(very precise) /Black=0.14 (very precise)} 1/2-1/2

[Event "Airthings Masters MCCT Prel 2022"]
[Site "Online"]
[Date "2022.02.13"]
[Round "12.5"]
[White "Esipenko, Andrey"]
[Black "Hansen, Eric"]
[Result "1/2-1/2"]
[WhiteElo "2714"]
[BlackElo "2606"]
[Annotator "TA"]
[PlyCount "138"]
[EventDate "2022.02.18"]
[EventType "tourn"]
[EventCountry "NET"]
[SourceTitle "playchess.com"]
[Source "ChessBase"]
[SourceQuality "1"]

{[%evp 23,138,20,35,37,75,76,73,70,80,69,66,40,49,41,49,50,36,11,18,16,12,10,
11,-90,34,54,62,46,58,-56,-74,-67,-54,-76,-70,-65,14,-55,0,-77,0,0,86,-58,-36,
-95,-97,-79,-96,-97,-105,-93,-59,-70,-56,-73,-69,-141,-133,-123,-136,-119,-130,
-260,-257,-344,-136,-452,-361,-351,-312,-285,-284,-389,-375,-428,-287,-277,
-131,-129,-131,-130,-123,-112,-116,-127,-120,-116,-28,-28,-31,-39,0,-8,0,0,8,0,
0,0,0,0,0,0,0,-54,-59,-137,-93,-197,-143,-128,0,-130,0,-130,0]} 1. e4 e5 2. Nf3
Nc6 3. Bb5 a6 4. Ba4 Nf6 5. O-O Be7 6. Re1 b5 7. Bb3 d6 8. c3 O-O 9. h3 Na5 10.
Bc2 c5 11. d4 Qc7 12. d5 Bd7 13. b3 {[%cal Bb2b3,Bb3b4][%mdl 32] C97: Closed
Ruy Lopez: Chigorin Defence: 11 d4 Qc7, sidelines.} c4 14. b4 Nb7 15. a4 {
White is better.} g6 {[#]} 16. Bh6 $146 ({Predecessor:} 16. Be3 Rfb8 17. a5 Nh5
18. Nbd2 Bf8 19. Nf1 Re8 20. Qd2 Bg7 21. Ng3 Nxg3 22. fxg3 {½-½ (55) Pirs,M 
(2506)-Tauscher,K (2408) Remote email 2013}) 16... Rfe8 17. a5 Nh5 18. Nbd2 f6
19. Nf1 Nd8 20. Qd2 Nf7 21. Be3 f5 {Prevents g4.} 22. exf5 gxf5 23. N3h2 (23.
Ng3 $11 {remains equal.} Nxg3 24. fxg3) 23... Kh8 ({Better is} 23... f4 $17 24.
Bb6 Qc8) 24. Ng3 $1 $14 Ng7 25. f4 {White is more active.} Bh4 26. Nhf1 (26.
Bf2 $14) 26... Qd8 $1 $15 27. Re2 Qf6 28. Rae1 Qg6 29. Bf2 Qh6 (29... h5 $15)
30. Be3 ({White should try} 30. fxe5 $11 Qxd2 31. Rxd2 (31. Nxd2 Nxe5 32. Rf1
Rf8 $11) 31... Nxe5 32. Ne2 Bxf2+ 33. Kxf2) 30... Qg6 31. Bf2 Qh6 (31... h5 $17
) 32. fxe5 $11 Bg5 (32... Qxd2 $11 33. Rxd2 (33. Nxd2 Nxe5 34. Kh2 h5 $11)
33... Nxe5) 33. Qd4 (33. Be3 $16 {aiming for Bxg5.} Bxe3+ 34. Nxe3 (34. Qxe3 f4
$11) 34... Rxe5 35. Nef1) 33... dxe5 34. Rxe5 (34. Qb6 $15) 34... Rxe5 $17 35.
Rxe5 Bf6 {[%mdl 64] Pin} 36. Be3 Qg6 (36... Bxe5 $6 37. Qxe5 $1 Nxe5 38. Bxh6
$11) 37. Bf4 Bxe5 38. Bxe5 Nxe5 39. Qxe5 Re8 {Prevents Qe7.} 40. Qc7 (40. Qd4
$15) 40... Bc8 {White must now prevent ...Qf6.} 41. Bd1 Qf6 42. Ne2 Qe5 $36 {
[%mdl 2048] Black is really pushing.} 43. d6 (43. Qxe5 $17 {was necessary.}
Rxe5 44. Nf4) 43... Ne6 $1 $19 44. Qf7 Rg8 (44... Rd8 $2 45. Qe7 $17) (44...
Ng5 $19 45. Qa7 Qxd6) 45. Neg3 $2 {[%mdl 8192]} (45. Qe7 $17 {is a better
chance.}) 45... Ng5 (45... Rxg3 46. Nxg3 Qxg3 47. Qe8+ Kg7 48. Qxc8 Qe1+ 49.
Kh2 $11) 46. Qe7 Qxe7 47. dxe7 Re8 48. Bc2 f4 49. Nh5 Rxe7 50. Nxf4 Re1 (50...
Rf7 $19 {and Black stays clearly on top.} 51. Ne2 Bxh3 $1) 51. Kf2 $17 Rc1 52.
Ne3 Bb7 53. Ne2 Ra1 54. Nf5 Ra2 55. Nfd4 Be4 ({Black should play} 55... Kg7 $17
56. h4 Ne4+ 57. Ke3 Nf6) 56. Bxe4 $11 Nxe4+ {[%mdl 4096] Endgame KRN-KNN} 57.
Ke3 $1 Nf6 (57... Nd2 $5 {[%cal Rd2b1]}) 58. Kf4 Kg7 59. Ke5 {Prevents Nd5.}
Kf7 60. g4 Rd2 {Threatens to win with ...Rd3.} 61. Nf4 {Inhibits Rd3.} Nd7+ 62.
Kd6 Nf6 {And now ...Ne4+ would win.} 63. Ke5 {Prevents Ne4.} Nd7+ 64. Kf5 (64.
Kd6 $11 Nf6 65. Ke5) 64... Rd1 $15 65. g5 (65. Ke4 $1 $15) 65... Re1 (65... Nf8
$142 {...Ng6 is the strong threat.} 66. Ke4 Ng6) 66. Nfe2 (66. h4 $17) 66...
Rh1 (66... Nb8 $19 {[%cal Ob8c6] Hoping for ...Nc6!} 67. Ng3 Re3) 67. Nf4 $17
Re1 ({Weaker is} 67... Rf1 68. h4 $15) 68. Nfe2 $1 Rh1 69. Nf4 $1 {[#]} Re1 {
Weighted Error Value: White=0.31/Black=0.32} ({Not} 69... Rf1 70. h4 $15) (
69... Nf8 $1 $17 70. Nd5 Rxh3) 1/2-1/2

[Event "Airthings Masters MCCT Prel 2022"]
[Site "Online"]
[Date "2022.02.13"]
[Round "12.6"]
[White "Nepomniachtchi, Ian"]
[Black "Le, Quang Liem"]
[Result "1/2-1/2"]
[WhiteElo "2773"]
[BlackElo "2709"]
[Annotator "TA"]
[PlyCount "158"]
[EventDate "2022.02.18"]
[EventType "tourn"]
[EventCountry "NET"]
[SourceTitle "playchess.com"]
[Source "ChessBase"]
[SourceQuality "1"]

{[%evp 11,158,8,18,16,26,15,18,0,0,-24,-27,-42,-35,-45,-45,-58,-32,-41,-9,0,6,
-23,0,0,0,-17,-33,-272,-12,-36,0,0,51,-11,-16,-24,0,-56,0,-18,23,-17,0,0,0,0,
177,179,270,277,261,267,279,272,369,286,304,289,281,216,221,221,219,220,220,
217,213,215,277,280,280,280,280,280,262,235,280,229,200,200,258,232,250,240,
200,83,200,200,200,200,200,125,125,125,125,125,125,125,125,79,125,125,125,84,
125,125,125,98,125,72,72,0,132,82,87,72,72,72,72,72,72,72,72,12,72,72,29978,0,
0,0,0,0,0,0,0,0,0,0,0,0,0,0,0,0,0,0,0,0,0]} 1. e4 e5 2. Nf3 Nc6 3. Bc4 Nf6 4.
d3 Bc5 5. O-O d6 6. c3 a6 7. a4 {C54: Giuoco Piano: 4 c3 Nf6, main lines with
5 d4 and 5 d3.} Ba7 8. Na3 O-O 9. h3 Ne7 10. Nh4 Kh8 11. Bg5 Ng6 12. Nxg6+ fxg6
13. Nc2 h6 $1 14. Be3 Nh5 15. d4 {[#]} Qh4 $146 ({Predecessor:} 15... Nf4 16.
Kh2 exd4 17. Nxd4 d5 18. exd5 Nxd5 19. Bxd5 Qxd5 20. Nf3 Qh5 21. Bxa7 Bxh3 {
½-½ (51) Le,Q (2737)-Prithu,G (2373) Caleta 2018}) 16. Re1 Bd7 17. Qd2 Nf4
18. Bf1 (18. Bxf4 $5 Rxf4 19. g3 Qxh3 20. gxf4 Qg4+ 21. Kf1 Qh3+ 22. Kg1 Qg4+
23. Kh1 (23. Kf1 Qh3+ 24. Kg1 $11) 23... Qh3+ 24. Kg1 $11) 18... Rae8 {[%cal
Rf4h3] And now ...Nxh3+! would win.} 19. Kh2 {[#]} (19. Bxf4 $15 Qxf4 20. Qxf4
Rxf4 21. f3) 19... Ne6 $2 (19... Nxh3 $1 $19 {[%mdl 512]} 20. g3 (20. gxh3 $2
Bxh3 21. Bg2 Bxg2+ 22. Kxg2 Qxe4+ 23. Kf1 exd4 $19) 20... Qh5) 20. g3 Qf6 (
20... Qxe4 $5 {[%cal Rd7c6]} 21. Bg2 Qf5 $15) 21. Bg2 Qf7 ({Black should try} 
21... Ng5 $11 22. f4 exf4 23. Bxf4 Ne6) 22. b4 {[#]} (22. f3 $1 $14) 22... Nf4
$1 $11 23. Bf1 Nh5 24. b5 (24. Bg2 $11) 24... a5 (24... g5 $15) 25. Kg1 Bb6 (
25... g5 $142) 26. Rad1 (26. dxe5 $5 {[%cal Re3b6]} Bxe3 27. Nxe3 $11) 26...
Be6 {[%cal Oh5f4]} 27. dxe5 Bxe3 28. Nxe3 Bb3 $2 (28... dxe5 $11 {and Black is
okay.} 29. c4 Nf6) 29. Rb1 $1 $18 Rxe5 (29... Be6 $142) 30. c4 $1 Bxa4 31. Ng4
Rg5 32. Re3 Rc5 33. Ra3 Rxc4 34. Bxc4 (34. Qxa5 Rxe4 $1 35. Bg2 (35. Rxa4 Rxg4
36. Rxg4 Qxf2+ 37. Kh1 Nxg3+ 38. Rxg3 Qxg3 $15) 35... Bc2 36. Bxe4 Bxe4 $11)
34... Qxc4 35. Qa2 Bxb5 36. Qxc4 (36. Rxa5 $6 Qxa2 37. Rxa2 Bc6 $16) 36... Bxc4
37. Rxb7 Re8 38. e5 (38. Rxc7 Rxe4 39. Kh2 (39. Rxa5 Re1+ 40. Kh2 Bd3 $18)
39... Be6 40. Rxa5 d5) 38... dxe5 39. Rxa5 Nf6 40. Nxf6 (40. Rxc7 Nxg4 41. Rxc4
Nf6 $18) (40. Rxe5 $6 Be6 41. Nxf6 gxf6 $18) (40. Nxe5 Bd5 41. Rxd5 (41. Nxg6+
Kh7 $11) 41... Nxd5 42. Nxg6+ Kh7 $11) 40... gxf6 41. Rxc7 {[%mdl 4096]
Endgame KRR-KRB} Bg8 42. Ra6 Rf8 43. Re7 g5 44. f3 Bh7 45. Kf2 Bf5 46. g4 Bg6
47. Raa7 Rb8 48. Rg7 (48. Rad7 $18 {and White stays clearly on top.}) 48... Rg8
(48... Ra8 $16 49. Rad7 (49. Rxa8+ Kxg7 50. Ra7+ Kg8 $16) 49... Rd8 50. Rh7+ (
50. Rxd8+ Kxg7 51. Rd6 h5 $16) 50... Bxh7 51. Rxd8+ Kg7) 49. Rgc7 Rd8 50. Ra6
Rf8 51. Rb6 Kg8 52. Ke3 {White is more active.} Rf7 53. Rcc6 Kg7 54. Rd6 h5 55.
Kf2 (55. Rbc6 $142) 55... h4 (55... hxg4 $142 56. fxg4 (56. hxg4 e4 $16) 56...
Be4) 56. Ke3 $16 Bh7 57. Kd2 (57. Re6 $142) 57... Bg8 (57... e4 $142 58. Ke3
exf3 59. Kxf3 Rf8) 58. Kc3 Rf8 59. Kb4 Rf7 60. Rbc6 (60. Re6 $142 $1) 60... Bh7
61. Re6 (61. Kc4 $16) 61... Bg8 (61... Bd3 $1 $11 {remains equal.}) 62. Kc5 (
62. Kc3 $142) 62... Bh7 63. Kd6 {Re7 is the strong threat.} Bd3 64. Rc8 $1 Ba6
(64... Bf1 $2 65. Ree8 $18) 65. Rb8 Bf1 {[#]} 66. Ree8 $1 Kg6 (66... Bxh3 $2
67. Rg8+ Kh7 68. Ke6 $18) 67. Re7 (67. Rg8+ $16 Rg7 68. Rxg7+ Kxg7 69. Ke6 (69.
Rb7+ Kg6 $11)) 67... Rxe7 (67... Kg7 $1 $11 {keeps the balance.}) 68. Kxe7 Bxh3
$2 $11 {[%mdl 8192] [#] KR-KB} (68... Kg7 $16) 69. Rb6 $2 (69. Rg8+ $1 {mates}
Kh7 70. Kf7 (70. Rf8 Bg2 $11) 70... e4 71. Rg7+ Kh6 72. Kxf6 exf3 73. Rxg5 Kh7
74. Kf7) 69... Bg2 {The position is equal.} 70. Rxf6+ Kg7 71. Rf7+ Kg6 72. Rf8
{Threatening mate with Rg8+.} Kg7 {Inhibits Rg8+.} 73. Rf7+ Kg6 74. Kf8 h3 75.
Ke7 h2 76. Rf6+ Kg7 77. Rf7+ Kg6 78. Rf6+ Kg7 79. Rf7+ Kg6 {Weighted Error
Value: White=0.24 (precise) /Black=0.33} 1/2-1/2

[Event "Airthings Masters MCCT Prel 2022"]
[Site "Online"]
[Date "2022.02.13"]
[Round "12.7"]
[White "Kosteniuk, Alexandra"]
[Black "Praggnanandhaa R"]
[Result "0-1"]
[WhiteElo "2516"]
[BlackElo "2612"]
[Annotator "TA"]
[PlyCount "126"]
[EventDate "2022.02.18"]
[EventType "tourn"]
[EventCountry "NET"]
[SourceTitle "playchess.com"]
[Source "ChessBase"]
[SourceQuality "1"]

{[%evp 16,126,8,22,33,18,18,-11,0,0,0,0,0,0,0,0,0,0,0,0,0,0,-6,0,-9,8,15,0,0,7,
1,0,0,-20,-11,-15,-9,-22,-4,-29,0,-97,-98,-110,-110,-120,-121,-140,-125,-158,
-158,-158,-158,-151,-106,-167,-173,-234,-227,-229,-229,-280,-145,-147,-145,
-145,-145,-175,-145,-185,0,-157,-158,-210,-210,-212,-212,-218,-187,-173,-134,
-172,-162,-220,-216,-243,-221,-217,-144,-160,-148,-161,-111,-148,-152,-169,
-126,-186,-183,-546,-524,-910,-895,-844,-804,-29973,-29974,-29974,-29975,
-29980,-29981,-4910,-4831]} 1. e4 c5 2. Nf3 Nc6 3. Bb5 g6 4. O-O Bg7 5. c3 Nf6
6. Re1 O-O 7. h3 e5 8. d4 cxd4 9. cxd4 Nxd4 $1 {[%mdl 4] outshines the older 9.
..exd4. B31: Sicilian: 2...Nc6 3 Bb5 g6.} 10. Nxd4 Qb6 11. Bc4 {[#] Hoping for
Nb5.} Qxd4 $146 {The position is equal.} ({Predecessor:} 11... exd4 12. e5 Ne8
13. Bg5 d6 14. Be7 dxe5 15. Nd2 Nd6 16. Bxf8 Kxf8 17. Rc1 Bf5 {0-1 (44) Tari,A
(2634)-Paravyan,D (2629) Moscow 2019}) 12. Qxd4 exd4 13. e5 Ne8 {[%cal Bf6e8,
Be8c7,Bc7e6][%mdl 32]} 14. Bf4 Nc7 15. Na3 {[%cal Bb1a3,Ba3b5,Bb5d4][%mdl 32]}
Ne6 16. Bg3 b6 17. Bd5 Rb8 18. Rad1 Bb7 19. Bxb7 Rxb7 20. Nb5 h6 21. Nxd4 d5
22. Nb5 Rd7 23. f3 Rc8 {[%cal Bf8c8,Bc8c5,Bc5d5][%mdl 32]} 24. Re2 {Inhibits
Rc2.} Rc5 25. Nd6 d4 26. f4 Rd5 27. Rc2 Kh7 28. b4 (28. Rc6 $11 {remains equal.
}) 28... g5 $17 29. f5 Nf4 30. Bxf4 gxf4 31. f6 Bf8 32. Re2 {[%cal Od6f7]} Bxd6
33. exd6 R5xd6 {[%mdl 4096] Endgame KRR-KRR} 34. Re4 f3 ({Black should try} 
34... d3 {Threatens to win with ...Rd4.} 35. Rxf4 d2) 35. gxf3 {[#]} (35. g3
$17 {might work better.}) 35... d3 $1 $19 ({Inferior is} 35... Rxf6 36. Rd3 $17
) 36. Rd2 (36. Kf2 $142) 36... Kg6 ({Not} 36... Rxf6 37. Kf2 $17) 37. Kf2 Kxf6
(37... Rxf6 38. Ke3 $17) 38. Ke3 {[#]} Rd5 (38... Re6 $1 $19 39. Rxe6+ Kxe6 40.
Rxd3 Rxd3+ 41. Kxd3 Ke5) 39. Rc4 $17 Re5+ 40. Kf2 Kf5 41. Rh4 Kg6 {Prevents
Rh5.} 42. Rg4+ Kf6 $2 (42... Kh5 $19 {Strongly threatening ...f5.} 43. Rc4 f5)
43. Rf4+ $2 (43. Rc4 $1 $11) 43... Rf5 {Black is more active.} 44. Rh4 (44. Rc4
$17 {was worth a try.}) 44... h5 $19 45. Rc4 Rfd5 46. Ke3 Re5+ 47. Kf2 Kg6 48.
Rc3 Red5 49. Ke3 (49. Kg3 $142) 49... Kf5 ({And not} 49... Re7+ 50. Kf2 $17)
50. Rc4 Re5+ 51. Kf2 f6 52. Rh4 Kg5 53. Rc4 {f4+ is the strong threat.} Re6 (
53... Red5 $19 {aiming for ...Rd4.} 54. Ke3 Re5+ 55. Kf2 b5 56. h4+ Kg6) 54.
h4+ Kf5 55. a3 Re5 ({Black should play} 55... Rd5 $19 56. Rc3 Red6) 56. Rc8 (
56. a4 $17) 56... Rd4 57. Rh8 $2 (57. Rc6) 57... Kf4 {White must now prevent ..
.Re3.} 58. Rh6 Rd6 59. Rh7 Re3 60. Rxh5 Rxf3+ 61. Kg2 Ke3 62. Rd1 d2 63. Rh7
Ke2 {[%csl LRa3,LRd1] Weighted Error Value: White=0.39/Black=0.14 (very
precise)} 0-1

[Event "Airthings Masters MCCT Prel 2022"]
[Site "Online"]
[Date "2022.02.13"]
[Round "12.8"]
[White "Keymer, Vincent"]
[Black "Niemann, Hans Moke"]
[Result "1-0"]
[WhiteElo "2664"]
[BlackElo "2642"]
[Annotator "TA"]
[PlyCount "137"]
[EventDate "2022.02.18"]
[EventType "tourn"]
[EventCountry "NET"]
[SourceTitle "playchess.com"]
[Source "ChessBase"]
[SourceQuality "1"]

{[%evp 10,137,22,7,2,4,18,19,54,24,31,30,35,0,33,28,124,129,151,136,228,215,
218,223,275,265,266,194,291,282,269,281,279,266,252,100,203,173,241,218,231,
225,229,144,131,128,144,159,146,152,223,153,164,158,246,264,243,272,272,256,
277,205,281,289,290,283,284,283,368,350,378,348,366,337,539,521,642,545,519,
254,254,254,252,252,256,232,280,289,278,273,319,277,342,327,340,339,479,493,
423,342,338,248,230,69,332,320,335,335,399,385,711,707,685,471,1598,1640,1619,
1526,1139,1075,1433,1018,29988,29984,29985,29986,29986,29987,29985,29985]} 1.
Nf3 Nf6 2. c4 e6 3. Nc3 c5 4. g3 b6 5. Bg2 Bb7 6. d4 cxd4 {A30: Symmetrical
English: Double Fianchetto and Hedgehog.} 7. Qxd4 Bc5 8. Qd3 {[#]} Na6 $146 {
The position is equal.} ({Predecessor:} 8... d5 9. cxd5 Nxd5 10. Ng5 Be7 11.
Nxd5 Bxd5 12. Bxd5 Qxd5 13. Qxd5 exd5 14. O-O O-O {1-0 (78) Zhukova,N (2377)
-Goltseva,E (2153) St Petersburg 2018}) 9. O-O O-O 10. Bf4 d5 {Prevents e4.}
11. Rad1 (11. cxd5 Nb4 12. Qb1 Nbxd5 $11) 11... h6 (11... Nb4 12. Qb1 $16) 12.
Be5 Nb4 (12... Nc7 $11) 13. Qb1 $16 Nd7 14. Bf4 {White is more active.} Nf6 (
14... dxc4 $2 15. Ne5 Nd5 16. Nxd5 exd5 17. Bxd5 Nxe5 18. Bxb7) (14... e5 $16)
15. a3 $18 Na6 16. e4 {[%cal Be2e4,Be4e5][%mdl 32]} d4 17. e5 Nd7 18. Nb5 (18.
Nxd4 $6 Bxg2 19. Kxg2 Bxd4 20. Rxd4 Qc7 $16) 18... g5 (18... Nc7 {was
necessary.} 19. b4 (19. Nfxd4 Nxb5 20. Nxb5 Qc8 $16) (19. Nbxd4 Qe8 $16) 19...
Nxb5 20. cxb5 Rc8) 19. Bc1 {[%cal Of3g5] Hoping for Nxg5!} Bxf3 20. Bxf3 Nxe5
21. Bg2 (21. Bxa8 $2 Qxa8 22. Rd3 (22. Nxd4 $2 Bxd4 23. Rfe1 Nf3+ 24. Kf1 Nxh2+
25. Kg1 Nf3+ 26. Kf1 Nxe1 $19) 22... Qe4 $19) 21... Nc7 22. Nxd4 Qf6 (22...
Bxd4 $16 {was called for.} 23. Be3 Qf6 24. Rxd4 (24. Bxd4 Nf3+ 25. Bxf3 Qxf3
$16) (24. Bxa8 Rxa8 25. Bxd4 Nf3+ 26. Kg2 Nxd4 $17) 24... Nf3+ 25. Bxf3 Qxf3)
23. Nb3 Rad8 (23... Nf3+ $142 24. Kh1 Rad8) 24. Nxc5 bxc5 25. Qe4 $1 Qf5 26.
Qb7 Rxd1 27. Rxd1 Qc2 28. Rf1 Ne8 29. Qxa7 {And now Be3 would win.} Qxc4 (29...
Nd6 $16) 30. Bd2 Nd6 {[#]} 31. Qc7 $1 Ne4 {[#]} (31... Qd3 $16 32. Qxc5 Ne4 33.
Qxe5 Nxd2) 32. Bxg5 $1 {[%mdl 512] A strong pair of Bishops.} Nf3+ 33. Bxf3
Nxg5 34. Bg2 Qd4 35. Qf4 Qxb2 36. h4 Nh7 37. Qxh6 Qd4 38. Re1 Rb8 {[#]} 39. Re4
$1 ({Not} 39. Be4 Nf6 $16) 39... Qg7 40. Qf4 Rb1+ 41. Kh2 Qf6 (41... Nf6 {
is a better defense.} 42. Rc4 e5) 42. Qe3 Qg7 43. Qxc5 Nf6 44. Qc8+ (44. Rf4
$142) 44... Qf8 45. Qxf8+ Kxf8 {[%mdl 4096] Endgame KRB-KRN} 46. Rf4 Kg7 47. a4
Ra1 48. Bc6 Rc1 49. Bf3 Ra1 50. Kg2 Ra2 51. Rd4 Ra3 52. g4 e5 (52... Kg6 $142
53. g5 Nh5) 53. Rc4 e4 54. Bxe4 Nxg4 55. Bc2 Ne5 56. Rc5 ({Better is} 56. Re4
$18 Ng6 57. Rg4) 56... Nd7 {[%mdl 8192] This costs Black the game.} (56... Nf3
$14) 57. Rb5 Nf8 58. Bb3 Ng6 59. Kg3 f6 $2 (59... Ne7 60. Kf4 Nc6) 60. Rb7+ Kh6
61. f4 {[%cal Oh4h5]} f5 (61... Ra1 $142 62. h5 Nf8) 62. h5 {[%cal Bh4h5,Bh5h6]
[%mdl 32]} Nf8 63. Kh4 {Strongly threatening Rb6+.} Ra1 64. Rb6+ Kg7 65. Kg5 {
White threatens Rb7+ and mate.} Rh1 66. h6+ {White mates.} Kh8 67. Rb8 Kh7 68.
Rxf8 Rh5+ 69. Kf6 {Weighted Error Value: White=0.24 (precise) /Black=0.43} 1-0

[Event "Airthings Masters MCCT Prel 2022"]
[Site "Online"]
[Date "2022.02.13"]
[Round "13.1"]
[White "Niemann, Hans Moke"]
[Black "Artemiev, Vladislav"]
[Result "0-1"]
[WhiteElo "2642"]
[BlackElo "2700"]
[Annotator "TA"]
[PlyCount "98"]
[EventDate "2022.02.18"]
[EventType "tourn"]
[EventCountry "NET"]
[SourceTitle "playchess.com"]
[Source "ChessBase"]
[SourceQuality "1"]

{[%evp 9,98,-6,0,-14,-23,-27,-19,-31,-21,-36,-23,-36,-25,-35,-18,-57,-41,-53,
-51,-45,-43,-81,-82,-87,-81,-79,-57,-63,-57,-100,-47,-85,-75,-120,-114,-106,
-116,-174,-167,-159,-125,-158,-117,-121,-116,-119,-118,-121,-143,-133,-94,-98,
-68,-221,-214,-198,-205,-485,-495,-492,-492,-487,-495,-504,-497,-498,-498,-486,
-477,-487,-479,-431,-377,-766,-719,-978,-936,-923,-864,-868,-854,-1665,-1488,
-1689,-5479,-29981,-29982,-29982,-29983,-29982,-29974]} 1. d4 d5 2. Nc3 Nf6 3.
Bf4 a6 4. e3 b5 5. h4 {[#]} h6 $146 ({Predecessor:} 5... e6 6. h5 h6 7. Nf3 Bd6
8. Ne5 Bb7 9. g4 Nfd7 10. Bg2 Bxe5 11. Bxe5 Nxe5 12. dxe5 {0-1 (51) Alekseenko,
K (2703)-Bacrot,E (2672) Chess.com INT 2021}) 6. Nf3 {D00: 1 d4 d5: Unusual
lines.} e6 7. Ne5 c5 8. g4 {The position is equal.} Nfd7 9. Nf3 Nc6 10. Bg2 b4
11. Ne2 {[%cal Oc2c4]} a5 12. Ng3 {[%cal Oc2c4]} cxd4 13. exd4 {[%cal Oc2c4]}
Ba6 14. Bf1 Qb6 15. Be2 Bxe2 16. Nxe2 Nf6 {[%cal Bd7f6,Bf6e4,Be4c3][%mdl 32]}
17. Rg1 Be7 18. Qd3 a4 {[%cal Ba5a4,Ba4a3][%mdl 32]} 19. Be3 (19. Nd2 $15 {
deserves consideration.}) 19... Qa6 (19... a3 $17 20. b3 Rc8) 20. Rc1 Ne4 21.
Ng3 (21. Qxa6 $142 Rxa6 22. Kf1) 21... a3 $17 22. b3 Nc3 23. Ra1 (23. Qxa6 $17
Rxa6 24. Ra1) 23... Qxd3 $19 24. cxd3 Kd7 25. Kd2 Rhc8 {Black is much more
active.} ({Black should play} 25... f6 26. h5 Bd6) 26. Ne2 $17 Nxe2 ({And not} 
26... Bf6 27. g5 hxg5 28. hxg5 $15) 27. Kxe2 Na7 28. Rgc1 {Inhibits Rc2+.} Nb5
29. Bd2 Ke8 30. Ke3 Bd6 31. Ne1 $2 {This costs White the game.} ({Better is} 
31. h5 $15) 31... g5 $19 32. hxg5 hxg5 33. Nc2 $2 {[#]} (33. Kf3 {is a better
defense.}) 33... Rxc2 $1 {[%mdl 512]} 34. Rxc2 Bf4+ 35. Ke2 Nxd4+ 36. Kd1 Nxc2
37. Kxc2 {[%mdl 4096] Endgame KRB-KRB} Rc8+ 38. Kd1 Bxd2 39. Kxd2 {KR-KR} Ke7
40. Rh1 Kf6 {[#] White must now prevent ...Ke5.} 41. Rh6+ $2 (41. Re1) 41...
Ke5 42. Rh7 Rc7 43. Rh8 Kf4 44. Rb8 Kxg4 45. Rxb4+ Kf3 46. Rb8 g4 {[%cal Bg5g4,
Bg4g3][%mdl 32]} 47. b4 Kxf2 {Black mates.} 48. b5 g3 49. b6 Re7 {Weighted
Error Value: White=0.72/Black=0.06 (flawless)} 0-1